Analýza Clausovho spôsobu výroby síry v rafinérii a možnosti jeho intenzifikácie

Saved in:
Bibliographic Details
Main Author: Hanus, Kristián (Author)
Other Authors: Variny, Miroslav (Thesis advisor)
Format: Manuscript Book
Language:Slovak
Published: 2016
Subjects:
Online Access:http://is.stuba.sk/zp/portal_zp.pl?podrobnosti=110449
Tags: Add Tag
No Tags, Be the first to tag this record!

MARC

LEADER 00000ntm a22000003a 4500
001 stuzp58493
003 SK-STU
005 20160719155601.8
007 ta
008 150427s2015----xo-----f-mn---000-0-slo-d
040 |a STU  |b slo 
041 0 |a slo 
100 1 |a Hanus, Kristián  |u 046230  |4 aut  |U FCHPT Ústav chemického a environmentálneho inžinierstva  |T FCHPT Oddelenie chemického a biochemického inžinierstva  |X 63974  |U C6230  |Y 119  |7 63974 
242 0 1 |a Analysis of Claus Sulfur Recovery in Oil Refinery and Possibilities of its Intensification  |y eng 
245 1 0 |a Analýza Clausovho spôsobu výroby síry v rafinérii a možnosti jeho intenzifikácie 
260 |c 2016 
650 4 |a kyslé plyny  |2 slo 
650 4 |a emisie  |2 slo 
650 4 |a rovnováha  |2 slo 
650 4 |a Clausov reaktor  |2 slo 
650 4 |a katalyzátor  |2 slo 
650 4 |a Claus reactor  |2 eng 
650 4 |a sour gases  |2 eng 
650 4 |a emissions  |2 eng 
650 4 |a equilibrium  |2 eng 
650 4 |a catalyst  |2 eng 
700 1 |a Variny, Miroslav  |4 ths  |X 25916  |7 A000025916 
856 4 |u http://is.stuba.sk/zp/portal_zp.pl?podrobnosti=110449 
SQL |a stuzp58493  |b DBP  |c SLO  |d Analýza Clausovho spôsobu výroby síry v rafinérii a možnosti jeho intenzifikácie  |e 63974  |f Hanus, Kristián  |g 046230  |h 25916  |i Variny, Miroslav  |j 20160712  |k 106  |l 04  |m http://is.stuba.sk/zp/portal_zp.pl?podrobnosti=110449  |n B-CHI  |o 5.2.17. chemické inžinierstvo